<?xml version="1.0" encoding="UTF-8"?>
<resp>
  <nextPage>https://data.bn.org.pl/api/networks/bibs.marcxml?marc=001+b0000010183385&amp;sinceId=10183386</nextPage>
  <collection>
    <record xmlns='http://www.loc.gov/MARC21/slim'><leader>06347cam a2201477 i 4500</leader><controlfield tag='001'>b0000010183385</controlfield><controlfield tag='005'>20260528085020.8</controlfield><controlfield tag='008'>061017s2006    pl ad  f     |000 0 pol c</controlfield><controlfield tag='009'>9910924960505606</controlfield><datafield ind1=' ' ind2=' ' tag='015'><subfield code='a'>UWD 2021/34991</subfield></datafield><datafield ind1=' ' ind2=' ' tag='020'><subfield code='z'>8360594007</subfield><subfield code='q'>(ponownie nadany ;</subfield><subfield code='q'>oprawa miękka)</subfield></datafield><datafield ind1=' ' ind2=' ' tag='035'><subfield code='a'>492069-48omnis_uja</subfield></datafield><datafield ind1=' ' ind2=' ' tag='035'><subfield code='a'>(UJ)vtls000492069</subfield></datafield><datafield ind1=' ' ind2=' ' tag='035'><subfield code='a'>zz2006856054</subfield></datafield><datafield ind1=' ' ind2=' ' tag='035'><subfield code='a'>(PL)b0000010183385</subfield></datafield><datafield ind1=' ' ind2=' ' tag='040'><subfield code='a'>KR U</subfield><subfield code='c'>KR U</subfield></datafield><datafield ind1='0' ind2=' ' tag='041'><subfield code='a'>pol</subfield></datafield><datafield ind1='2' ind2=' ' tag='045'><subfield code='b'>d1990</subfield><subfield code='b'>d2004</subfield></datafield><datafield ind1=' ' ind2=' ' tag='046'><subfield code='a'>2006</subfield></datafield><datafield ind1=' ' ind2=' ' tag='080'><subfield code='8'>1.1\x</subfield><subfield code='a'>640.41/.42</subfield></datafield><datafield ind1=' ' ind2=' ' tag='080'><subfield code='8'>1.2\x</subfield><subfield code='a'>(075.8)</subfield></datafield><datafield ind1=' ' ind2=' ' tag='084'><subfield code='a'>01</subfield></datafield><datafield ind1='1' ind2=' ' tag='100'><subfield code='a'>Błaszczuk, Waldemar</subfield></datafield><datafield ind1='0' ind2='0' tag='245'><subfield code='a'>Hotelarstwo w Polsce :</subfield><subfield code='b'>wybrane zagadnienia /</subfield><subfield code='c'>Waldemar Błaszczuk, Czesław Witkowski ; Wyższa Szkoła Społeczno-Przyrodnicza im. Wincentego Pola w Lublinie. Wydział Turystyki i Fizjoterapii.</subfield></datafield><datafield ind1=' ' ind2=' ' tag='260'><subfield code='a'>Lublin :</subfield><subfield code='b'>Wydawnictwo Akademickie Wyższej Szkoły Społeczno-Przyrodniczej im. Wincentego Pola,</subfield><subfield code='c'>2006.</subfield></datafield><datafield ind1=' ' ind2=' ' tag='300'><subfield code='a'>305 stron :</subfield><subfield code='b'>ilustracje, wykresy ;</subfield><subfield code='c'>23 cm.</subfield></datafield><datafield ind1=' ' ind2=' ' tag='336'><subfield code='a'>Tekst</subfield><subfield code='b'>txt</subfield><subfield code='2'>rdacontent</subfield></datafield><datafield ind1=' ' ind2=' ' tag='337'><subfield code='a'>Bez urządzenia pośredniczącego</subfield><subfield code='b'>n</subfield><subfield code='2'>rdamedia</subfield></datafield><datafield ind1=' ' ind2=' ' tag='338'><subfield code='a'>Wolumin</subfield><subfield code='b'>nc</subfield><subfield code='2'>rdacarrier</subfield></datafield><datafield ind1=' ' ind2=' ' tag='380'><subfield code='a'>Książki</subfield></datafield><datafield ind1=' ' ind2=' ' tag='380'><subfield code='a'>Publikacje dydaktyczne</subfield></datafield><datafield ind1=' ' ind2=' ' tag='380'><subfield code='a'>Publikacje fachowe</subfield></datafield><datafield ind1=' ' ind2=' ' tag='380'><subfield code='a'>Publikacje naukowe</subfield></datafield><datafield ind1=' ' ind2=' ' tag='385'><subfield code='m'>Poziom nauczania</subfield><subfield code='a'>Szkoły wyższe</subfield></datafield><datafield ind1=' ' ind2=' ' tag='385'><subfield code='a'>Hotelarze</subfield></datafield><datafield ind1='1' ind2=' ' tag='388'><subfield code='a'>2001-</subfield></datafield><datafield ind1=' ' ind2=' ' tag='500'><subfield code='a'>Zawiera także teksty aktów prawnych.</subfield></datafield><datafield ind1=' ' ind2=' ' tag='504'><subfield code='a'>Bibliografia, wykaz aktów prawnych na stronach 174-182.</subfield></datafield><datafield ind1=' ' ind2='7' tag='648'><subfield code='a'>1901-2000</subfield><subfield code='2'>DBN</subfield></datafield><datafield ind1=' ' ind2='7' tag='648'><subfield code='a'>1989-2000</subfield><subfield code='2'>DBN</subfield></datafield><datafield ind1=' ' ind2='7' tag='648'><subfield code='a'>2001-</subfield><subfield code='2'>DBN</subfield></datafield><datafield ind1=' ' ind2='7' tag='650'><subfield code='a'>Hotelarstwo</subfield><subfield code='2'>DBN</subfield></datafield><datafield ind1=' ' ind2='7' tag='651'><subfield code='a'>Polska</subfield><subfield code='2'>DBN</subfield></datafield><datafield ind1=' ' ind2='7' tag='655'><subfield code='a'>Opracowanie</subfield><subfield code='2'>DBN</subfield></datafield><datafield ind1=' ' ind2=' ' tag='658'><subfield code='a'>Gospodarka, ekonomia, finanse</subfield></datafield><datafield ind1=' ' ind2=' ' tag='658'><subfield code='a'>Prawo i wymiar sprawiedliwości</subfield></datafield><datafield ind1=' ' ind2=' ' tag='658'><subfield code='a'>Zarządzanie i marketing</subfield></datafield><datafield ind1='1' ind2=' ' tag='700'><subfield code='a'>Błaszczuk, Waldemar</subfield><subfield code='e'>Autor</subfield></datafield><datafield ind1='1' ind2=' ' tag='700'><subfield code='a'>Witkowski, Czesław</subfield><subfield code='c'>(ekonomia)</subfield><subfield code='e'>Autor</subfield></datafield><datafield ind1='2' ind2=' ' tag='710'><subfield code='a'>Wydział Turystyki i Fizjoterapii (Wyższa Szkoła Społeczno-Przyrodnicza im. Wincentego Pola ; Lublin)</subfield><subfield code='e'>Instytucja sprawcza</subfield><subfield code='4'>pbl</subfield></datafield><datafield ind1='2' ind2=' ' tag='710'><subfield code='a'>Wydawnictwo Akademii Nauk Stosowanych Wincentego Pola (Lublin)</subfield><subfield code='e'>Wydawca</subfield><subfield code='4'>pbl</subfield></datafield><datafield ind1=' ' ind2=' ' tag='852'><subfield code='8'>22700875230005066</subfield><subfield code='j'>1</subfield><subfield code='h'>3.595.041</subfield><subfield code='b'>BN_PL</subfield><subfield code='p'>30001031159683</subfield><subfield code='c'>bk8</subfield></datafield><datafield ind1=' ' ind2=' ' tag='852'><subfield code='8'>221052975600008831</subfield><subfield code='j'>1</subfield><subfield code='b'>1900-WGR</subfield><subfield code='p'>1096062458</subfield><subfield code='c'>70003</subfield><subfield code='z'>BRAK: s.17-24.</subfield></datafield><datafield ind1=' ' ind2=' ' tag='852'><subfield code='b'>48OMNIS_RAD</subfield><subfield code='8'>991000224899707910</subfield></datafield><datafield ind1=' ' ind2=' ' tag='852'><subfield code='8'>226845670008007</subfield><subfield code='j'>1</subfield><subfield code='b'>KRA_1_1</subfield><subfield code='p'>GBPF005351</subfield><subfield code='c'>KRA_1_1_1</subfield></datafield><datafield ind1=' ' ind2=' ' tag='852'><subfield code='8'>2287460250007662</subfield><subfield code='j'>1</subfield><subfield code='b'>57</subfield><subfield code='p'>4000341509</subfield><subfield code='c'>57</subfield></datafield><datafield ind1=' ' ind2=' ' tag='852'><subfield code='8'>22464336720005067</subfield><subfield code='j'>1</subfield><subfield code='h'>II 8414 A 15946</subfield><subfield code='b'>BNP</subfield><subfield code='p'>1818016523</subfield><subfield code='c'>BNP_zIGiGP</subfield></datafield><datafield ind1=' ' ind2=' ' tag='852'><subfield code='8'>22125126950007661</subfield><subfield code='j'>1</subfield><subfield code='b'>10000</subfield><subfield code='p'>1011154699</subfield><subfield code='c'>U_BGmag</subfield></datafield><datafield ind1=' ' ind2=' ' tag='852'><subfield code='8'>2237197030005069</subfield><subfield code='j'>1</subfield><subfield code='h'>71904 W 71904 W</subfield><subfield code='b'>LUBL_M</subfield><subfield code='p'>1000960253</subfield><subfield code='c'>30000</subfield><subfield code='z'>oprawa miękka</subfield></datafield><datafield ind1=' ' ind2=' ' tag='852'><subfield code='b'>48OMNIS_UOW</subfield><subfield code='8'>991015545669708831</subfield></datafield><datafield ind1=' ' ind2=' ' tag='852'><subfield code='8'>226074730008218</subfield><subfield code='j'>1</subfield><subfield code='b'>TL_4_1</subfield><subfield code='p'>007857WD</subfield><subfield code='c'>TL_4_1_4</subfield></datafield><datafield ind1=' ' ind2=' ' tag='852'><subfield code='b'>48OMNIS_WSE</subfield><subfield code='8'>990001411800307664</subfield></datafield><datafield ind1=' ' ind2=' ' tag='852'><subfield code='b'>48OMNIS_WBPL</subfield><subfield code='8'>991006014189708836</subfield></datafield><datafield ind1=' ' ind2=' ' tag='852'><subfield code='8'>22864212700008836</subfield><subfield code='j'>1</subfield><subfield code='b'>WBPL</subfield><subfield code='p'>230000145566</subfield><subfield code='c'>DUZIM_MG</subfield></datafield><datafield ind1=' ' ind2=' ' tag='852'><subfield code='b'>48OMNIS_TL</subfield><subfield code='8'>991000267979608218</subfield></datafield><datafield ind1=' ' ind2=' ' tag='852'><subfield code='b'>48OMNIS_ZNO</subfield><subfield code='8'>991002612579707663</subfield></datafield><datafield ind1=' ' ind2=' ' tag='852'><subfield code='8'>2260719530007663</subfield><subfield code='j'>1</subfield><subfield code='h'>801.862</subfield><subfield code='b'>ZNO-SZEW</subfield><subfield code='p'>1000078998</subfield><subfield code='c'>10000</subfield></datafield><datafield ind1=' ' ind2=' ' tag='852'><subfield code='8'>22725422050008396</subfield><subfield code='j'>1</subfield><subfield code='b'>BAWFKR</subfield><subfield code='p'>1800042853</subfield><subfield code='c'>70004</subfield></datafield><datafield ind1=' ' ind2=' ' tag='852'><subfield code='8'>22125126980007661</subfield><subfield code='j'>1</subfield><subfield code='b'>500000</subfield><subfield code='p'>1009316807</subfield><subfield code='c'>U_WNG</subfield></datafield><datafield ind1=' ' ind2=' ' tag='852'><subfield code='8'>2237196990005069</subfield><subfield code='j'>1</subfield><subfield code='h'>36676 W 36676 W</subfield><subfield code='b'>LUBL_M</subfield><subfield code='p'>1000880723</subfield><subfield code='c'>30000</subfield><subfield code='z'>oprawa miękka</subfield></datafield><datafield ind1=' ' ind2=' ' tag='852'><subfield code='8'>2217246300007910</subfield><subfield code='j'>1</subfield><subfield code='b'>RAD_2_2</subfield><subfield code='p'>RAD_2_000975</subfield><subfield code='c'>FD</subfield></datafield><datafield ind1=' ' ind2=' ' tag='852'><subfield code='8'>22159472950006831</subfield><subfield code='j'>1</subfield><subfield code='h'>539240 II</subfield><subfield code='b'>BuKul</subfield><subfield code='p'>1000450618</subfield><subfield code='c'>BG_Magazyn</subfield></datafield><datafield ind1=' ' ind2=' ' tag='852'><subfield code='8'>2241635900007771</subfield><subfield code='j'>1</subfield><subfield code='b'>CHE_1_F1</subfield><subfield code='p'>K1006857</subfield><subfield code='c'>W</subfield></datafield><datafield ind1=' ' ind2=' ' tag='852'><subfield code='b'>48OMNIS_KUL</subfield><subfield code='8'>991002363879706831</subfield></datafield><datafield ind1=' ' ind2=' ' tag='852'><subfield code='b'>48OMNIS_NLOP</subfield><subfield code='8'>991052958742005066</subfield></datafield><datafield ind1=' ' ind2=' ' tag='852'><subfield code='8'>2237197010005069</subfield><subfield code='j'>1</subfield><subfield code='h'>436890 II</subfield><subfield code='b'>LUBL_M</subfield><subfield code='p'>1000876609</subfield><subfield code='c'>10000</subfield><subfield code='z'>oprawa miękka</subfield></datafield><datafield ind1=' ' ind2=' ' tag='852'><subfield code='b'>48OMNIS_UMCS</subfield><subfield code='8'>991006735489707661</subfield></datafield><datafield ind1=' ' ind2=' ' tag='852'><subfield code='8'>224464310007911</subfield><subfield code='j'>1</subfield><subfield code='b'>JAN_2_1</subfield><subfield code='p'>MD3829</subfield><subfield code='c'>MGBP_DOR</subfield></datafield><datafield ind1=' ' ind2=' ' tag='852'><subfield code='8'>2235988380007771</subfield><subfield code='j'>1</subfield><subfield code='b'>CHE_1_F2</subfield><subfield code='p'>K2012481</subfield><subfield code='c'>W</subfield></datafield><datafield ind1=' ' ind2=' ' tag='852'><subfield code='b'>48OMNIS_MBP</subfield><subfield code='8'>990001571080207662</subfield></datafield><datafield ind1=' ' ind2=' ' tag='852'><subfield code='b'>48APEK_INST</subfield><subfield code='8'>991000241629708396</subfield></datafield><datafield ind1=' ' ind2=' ' tag='852'><subfield code='b'>48OMNIS_UJA</subfield><subfield code='8'>991005463099705067</subfield></datafield><datafield ind1=' ' ind2=' ' tag='852'><subfield code='b'>48OMNIS_NETWORK</subfield><subfield code='8'>9910924960505606</subfield></datafield><datafield ind1=' ' ind2=' ' tag='852'><subfield code='b'>48OMNIS_MPL</subfield><subfield code='8'>991000910329705069</subfield></datafield><datafield ind1=' ' ind2=' ' tag='852'><subfield code='8'>2265705370007664</subfield><subfield code='j'>1</subfield><subfield code='b'>BG</subfield><subfield code='p'>173635</subfield><subfield code='c'>AKG</subfield><subfield code='z'>K.270/06</subfield></datafield><datafield ind1=' ' ind2=' ' tag='852'><subfield code='b'>48OMNIS_CHE</subfield><subfield code='8'>9983345207771</subfield></datafield><datafield ind1=' ' ind2=' ' tag='852'><subfield code='b'>48OMNIS_JAN</subfield><subfield code='8'>991000110929607911</subfield></datafield><datafield ind1=' ' ind2=' ' tag='852'><subfield code='b'>48OMNIS_KRA</subfield><subfield code='8'>991000077349708007</subfield></datafield><datafield ind1=' ' ind2=' ' tag='852'><subfield code='8'>2265705370007664</subfield><subfield code='j'>1</subfield><subfield code='b'>BG</subfield><subfield code='p'>173634</subfield><subfield code='c'>AKG</subfield><subfield code='z'>K.270/06</subfield></datafield><datafield ind1=' ' ind2=' ' tag='852'><subfield code='8'>2287460250007662</subfield><subfield code='j'>1</subfield><subfield code='b'>57</subfield><subfield code='p'>4000427703</subfield><subfield code='c'>57</subfield></datafield><datafield ind1=' ' ind2=' ' tag='852'><subfield code='8'>22108870110007662</subfield><subfield code='j'>0</subfield><subfield code='b'>57</subfield><subfield code='p'>4000427704</subfield><subfield code='c'>U57</subfield></datafield><datafield ind1=' ' ind2=' ' tag='852'><subfield code='8'>22725422050008396</subfield><subfield code='j'>1</subfield><subfield code='b'>BAWFKR</subfield><subfield code='p'>1800042854</subfield><subfield code='c'>70004</subfield></datafield><datafield ind1=' ' ind2=' ' tag='852'><subfield code='8'>22725422050008396</subfield><subfield code='j'>1</subfield><subfield code='b'>BAWFKR</subfield><subfield code='p'>1800042852</subfield><subfield code='c'>70004</subfield></datafield><datafield ind1=' ' ind2=' ' tag='852'><subfield code='8'>22725422050008396</subfield><subfield code='j'>1</subfield><subfield code='b'>BAWFKR</subfield><subfield code='p'>1800042851</subfield><subfield code='c'>70004</subfield></datafield><datafield ind1=' ' ind2=' ' tag='852'><subfield code='8'>22464336740005067</subfield><subfield code='j'>1</subfield><subfield code='h'>KZT 45600 OZ.tur.śr</subfield><subfield code='b'>WZIKS</subfield><subfield code='p'>1813059347</subfield><subfield code='c'>WZIKS_CZ</subfield></datafield><datafield ind1=' ' ind2=' ' tag='852'><subfield code='8'>22725422050008396</subfield><subfield code='j'>1</subfield><subfield code='b'>BAWFKR</subfield><subfield code='p'>1800042855</subfield><subfield code='c'>70004</subfield></datafield><datafield ind1=' ' ind2=' ' tag='852'><subfield code='8'>22700875250005066</subfield><subfield code='j'>1</subfield><subfield code='h'>3.177.737 A</subfield><subfield code='b'>BN_PL</subfield><subfield code='p'>30001031159638</subfield><subfield code='c'>bk1</subfield></datafield><datafield ind1=' ' ind2=' ' tag='852'><subfield code='8'>22125126980007661</subfield><subfield code='j'>1</subfield><subfield code='b'>500000</subfield><subfield code='p'>1009301633</subfield><subfield code='c'>U_WNG</subfield></datafield><datafield ind1=' ' ind2=' ' tag='852'><subfield code='8'>22125126950007661</subfield><subfield code='j'>1</subfield><subfield code='b'>10000</subfield><subfield code='p'>1011154698</subfield><subfield code='c'>U_BGmag</subfield></datafield><datafield ind1=' ' ind2=' ' tag='920'><subfield code='z'>83-60594-00-7 (ponownie nadany ; oprawa miękka)</subfield></datafield></record>
  </collection>
</resp>
